Transcription Anyalysis of Host Genes Interacting Wtih HCV During Cellular Signaling Events in Chronic HCV Patients / (Record no. 534069)

000 -LEADER
fixed length control field 00543nam a22001577a 4500
020 ## - INTERNATIONAL STANDARD BOOK NUMBER
Qualifying information Hard Cover.
082 ## - DEWEY DECIMAL CLASSIFICATION NUMBER
Classification number 616
100 ## - MAIN ENTRY--PERSONAL NAME
Personal name Khalid, Mediha
245 ## - TITLE STATEMENT
Title Transcription Anyalysis of Host Genes Interacting Wtih HCV During Cellular Signaling Events in Chronic HCV Patients /
Statement of responsibility, etc. Mediha Khalid.
260 ## - PUBLICATION, DISTRIBUTION, ETC.
Place of publication, distribution, etc. Islamabad :
Name of publisher, distributor, etc. ASAB - NUST,
Date of publication, distribution, etc. 2012.
300 ## - PHYSICAL DESCRIPTION
Dimensions 30cm.
942 ## - ADDED ENTRY ELEMENTS (KOHA)
Source of classification or shelving scheme
Koha item type Thesis
650 ## - SUBJECT ADDED ENTRY--TOPICAL TERM
Topical term or geographic name entry element Virology and Immunology MS-Thesis.
700 ## - ADDED ENTRY--PERSONAL NAME
Personal name Dr. Sobia Manzoor.
650 ## - SUBJECT ADDED ENTRY--TOPICAL TERM
-- 27783
700 ## - ADDED ENTRY--PERSONAL NAME
-- 19265
Holdings
Withdrawn status Lost status Source of classification or shelving scheme Damaged status Not for loan Permanent Location Current Location Shelving location Date acquired Total Checkouts Full call number Barcode Date last seen Price effective from Koha item type
          Central Library (CL) Central Library (CL) Thesis 01/29/2020   616 Cl-T-4849 01/29/2020 01/29/2020 Thesis
© 2023 Central Library, National University of Sciences and Technology. All Rights Reserved.